Properties of estimators for the gamma distribution

Uloženo v:
Podrobná bibliografie
Hlavní autoři: Bowman, K. O (Autor), Shenton, L. R (Autor)
Médium: Kniha
Jazyk:angličtina
Vydáno: Nueva York Marcel Dekker 1988
Edice:Statistics textbooks and monographs, 89
Témata:
Tagy: Přidat tag
Žádné tagy, Buďte první, kdo vytvoří štítek k tomuto záznamu!

MARC

LEADER 00000nam a2200000 a 4500
001 UCX7891
003 CL-VaPUC
008 940111e19880000US |||||||||||||||||eng|d
082 0 4 |a 519.24  |b BOW  |2 21 
100 0 |a Bowman, K. O  |e author  |9 324849 
700 0 |a Shenton, L. R  |e author  |9 324850 
245 1 0 |a Properties of estimators for the gamma distribution 
300 |a 268 p 
942 |c BK 
945 |d 19940111 00:00:00  |a mfernand 
260 |a Nueva York  |b Marcel Dekker  |c 1988 
650 7 |a DISTRIBUCION TEORIA DE LA PROBABILIDAD  |2 CL-VaPUC  |9 270606 
583 |a last modification  |c 19940111 00:00:00  |k Rodrigo Vera 
490 0 |a Statistics textbooks and monographs, 89 
999 |c 227569  |d 227567 
952 |0 0  |1 0  |4 0  |6 519_240000000000000_BOW_1988  |7 0  |8 A  |9 226680  |a BIBGIM  |b BIBGIM  |d 2019-11-15  |i 2957906  |o 519.24 BOW 1988  |p 2957906  |r 2025-01-15  |w 2019-11-15  |y BK  |k EST